| 000 | 00868nam a2200229 a 4500 | ||
|---|---|---|---|
| 001 | 2070 | ||
| 003 | CDMR | ||
| 005 | 20151016134202.0 | ||
| 008 | 130130s1989||||||||||||||||||||||||||||d | ||
| 020 | _a8439311818 | ||
| 040 |
_aCDMR _bcat _cCPC GIRONA |
||
| 245 | 1 | 3 |
_aLa indústria àudio-visual de ficció a Catalunya _b: producció i comercialització _cedició a cura de Daniel E. Jones i Joan M. Corbella |
| 260 |
_aBarcelona _bGeneralitat de Catalunya. Centre d'Investigació de la Comunicació _c1989 |
||
| 300 | _a87 p. | ||
| 490 |
_aInformes (Centre d'Investigació de la Comunicació) _v2 |
||
| 650 | 0 | 4 |
_93092 _aIndústria audiovisual _zCatalunya |
| 650 | 0 | 4 |
_91448 _aMitjans de comunicació de massa _zCatalunya |
| 610 | 2 |
_9446 _aTelevisió de Catalunya |
|
| 700 | 1 |
_9943 _aJones, Daniel Evan _eed. |
|
| 700 | 1 |
_9364 _aCorbella, Joan Maria _eed. |
|
| 942 |
_cMON _2udc |
||
| 999 |
_c2070 _d2070 |
||